000 00590nam a22002057a 4500
003 BUBTL
008 190108b xxu||||| |||| 00| 0 eng d
020 _a984-70146-0007-9
082 _a658.8 / ALP
100 _92118
_aAlam, Mohammad Zahedul
245 _aPrinciples of Marketing/
_cMohammad Zahedul Alam
250 _a1st
260 _aDhaka
_bAbir Publiacation
_c2016
300 _a448p . :
_bTable ; 24cm .
_cMarketing .
650 0 _92119
_aMarketing.
700 _92120
_aMohammad Zahedul Alam
856 _k0
_l0
_yDownload
942 _2ddc
_cBK
999 _c5860
_d5860